000 00568nam a22001817a 4500
003 UA-OsUOA
001 16357
007 ta
008 20040103b un ||||| |||| 00| 0 ukr d
100 _aФедоришин М.
942 _cSA
040 _aUA-OsUOA
_cUA-OsUOA
_dUA-OsUOA
245 _aБенефис Галини - Гальшки: [Про арт-ку Рівнен. облмуздрамтеатру Г. Мартинюк-Цьомик]
300 _aС.2
955 _a0
773 0 _w0
_tОго
_dРівне
_d2003
_g№222/ 19 груд./
650 7 _aАктори
_2UDC
999 _c302522
_d302522